000 00736nam a2200289Ia 4500
005 20260324124156.0
008 008 260324s9999 xx 000 0 eng d
020 _a9780203817339
037 _aEBOOK
040 _aCRL
040 _beng
040 _cCRL
041 _2eng
041 _aeng
084 _qCRL
100 _aRosemarie Buikema; Gabriele Griffin; Nina Lykke
_91173138
245 0 _aTheories and Methodologies in Postgraduate Feminist Research
245 0 _bResearching Differently
260 _bTaylor and Francis
260 _c2011
365 _a
365 _b240
856 _uhttp://www.taylorfrancis.com/books/9780203817339
942 _cEBOOK
999 _c1767303
_d1767303